| 000 | 00458 a2200145 4500 | ||
|---|---|---|---|
| 040 |
_aDLC _bDLC |
||
| 082 |
_a302.23 _bAHU |
||
| 100 |
_a Ahuja, B. N. _91430 |
||
| 245 |
_aTheory and practice of journalism: set to Indian context _cB. N. Ahuja |
||
| 260 |
_aNew Delhi : , _bSurjeet Publications _c 2007. |
||
| 300 |
_a xii, 375 p. ; _c22 cm. |
||
| 500 | _aIncludes bibliographical references and index | ||
| 650 |
_a Journalism. _9144 |
||
| 942 |
_cBK _k070.4 AHU _2ddc |
||
| 999 |
_c6934 _d6934 |
||